000 00906cam a22002774a 4500
008
020 _a0130323640(hbk. )
049 _aMAIN
090 _aHF5548.32 DEI
100 1 _aDeitel, Harvey M.
245 1 0 _aE-business and e-commerce for managers /
_cH.M. Deitel, P.J. Deitel and K. Steinbuhler.
246 1 4 _aE-business & e-commerce for managers.
260 _aUpper Saddle River, N.J. :
_bPrentice Hall,
_c2001.
300 _axxxvii, 794 p. :
_bill. ;
_c24 cm.
504 _aIncludes bibliographical references.
500 _aIncludes index.
650 0 _aElectronic commerce.
650 0 _aBusiness enterprises
_xComputer networks
_xManagement.
700 1 _aDeitel, Paul J.
700 1 _aSteinbuhler, K.
907 _a.b10212917
_b27-04-07
_c31-08-06
003
005 20230123134241.0
040 _cNUST
942 _cBOOKS
_kHF5548.32 DEI
999 _c162639
_d162639